| 000 | 00446nam a2200157 i 4500 | ||
|---|---|---|---|
| 001 | 101817 | ||
| 003 | ES-MaACL | ||
| 005 | 20230906183003.0 | ||
| 007 | t| | ||
| 008 | 051026s1971 sp ||||1| spa d | ||
| 100 | 1 |
_aMena, José María de. _980046 |
|
| 245 | 1 | 0 |
_aHistoria de la Medicina / _cJosé María Mena. |
| 260 |
_aMadrid : _bPub. controldas F.M., _c1971. |
||
| 300 |
_a234 p. : _bil. ; _c24 cm. |
||
| 852 |
_aES-MaACL _jC-42370 _bR.80545 |
||
| 999 |
_c101817 _d101817 |
||